000 01170cam a22002891 4500
001 gs 36000083
003 DLC
005 20260227111340.0
008 790620s1936 dcua b f000 0 eng
010 _ags 36000083
035 _a(OCoLC)5086590
040 _aDLC
_cNFredU
_dOCoLC
_dDLC
042 _apremarc
050 0 0 _aQE681
_b.B3
100 1 _aBaker, Arthur A.
_q(Arthur Alan),
_d1897-
245 1 0 _aCorrelation of the Jurassic formations of parts of Utah, Arizona, New Mexico and Colorado /
_cA. A. Baker, C. H. Dane and J. B. Reeside, Jr.
260 _aWashington,
_bU.S. Govt. Print. Off.,
_c1936.
300 _av, 66 p. :
_bill., 26 pl. (incl. fold. map, fold. diagrs.) on 16 l., 8 fold. tables ;
_c29 cm.
410 2 0 _aGeological Survey (U.S.).
_tProfessional paper ;
_v183
500 _aAt head of title: United States Department of the Interior.
500 _aIn double columns.
500 _aBibliographical foot-notes.
650 0 _aGeology
_zUnited States.
650 0 _aGeology, Stratigraphic
_yJurassic.
700 1 _aDane, C. H.
_q(Carle Hamilton),
_d1900-
_ejoint author.
700 1 _aReeside, John B.
_q(John Bernard),
_d1889-1958,
_ejoint author.
999 _c27250
_d27250